| 000 | 00000nam##2200000za#4500 |
| 001 | 9.571749 |
| 003 | CaOODSP |
| 005 | 20210624182859 |
| 007 | cr ||||||||||| |
| 008 | 150406|2000||||xxc|||||o f|0| 0 eng|d |
| 040 | |aCaOODSP|beng |
| 043 | |an-cn--- |
| 086 | 1 |aNH18-23/70E-PDF |
| 110 | 2 |aCanada Mortgage and Housing Corporation. |
| 245 | 14|aThe impact of inheritances on the housing and mortgage markets in Canada over the next 10 years |h[electronic resource] |
| 260 | |aOttawa - Ontario : |bCanada Mortgage and Housing Corporation |c[2000]. |
| 300 | |a6p.|bgraph, tables |
| 490 | 1 |aResearch highlight. Socio-economic series |v70 |
| 590 | |a11-23-Supp|b2011-10-17 |
| 690 | 07|aSavings|2gcpds |
| 690 | 07|aHousing|2gcpds |
| 690 | 07|aMarkets|2gcpds |
| 775 | 08|tRépercussions des successions sur les marchés hypothécaire et de l'habitation au Canada au cours de la prochaine décennie |w(CaOODSP)9.602176 |
| 776 | 0#|tThe impact of inheritances on the housing and mortgage markets in Canada over the next 10 years |w(CaOODSP)9.615410 |
| 830 | #0|aResearch highlight. Socio-economic series ;|v70|w(CaOODSP)9.505168 |
| 856 | 40|ahttp://publications.gc.ca|qPDF|s114 KB|uhttps://publications.gc.ca/collections/Collection/NH18-23-70E.pdf|y70 |